Управление инновациями предприятий нефтегазовой промышленности; Ресурсосберегающие технологии в контроле, управлении качеством и безопасности
| Parent link: | Ресурсосберегающие технологии в контроле, управлении качеством и безопасности.— 2022.— [С. 223-226] |
|---|---|
| Tác giả chính: | |
| Tác giả của công ty: | |
| Tác giả khác: | , |
| Tóm tắt: | Заглавие с экрана Аннотация: данная статья посвящена рассмотрению процессу инновационной деятельности, в частности предприятий нефтегазового комплекса. Представлены функции контроля за осуществлением инновационной деятельности. Abstract: this article is devoted to the consideration of the process of innovation, in particular, enterprises of the oil and gas complex. The functions of control over the implementation of innovation activities are presented. |
| Ngôn ngữ: | Tiếng Nga |
| Được phát hành: |
2022
|
| Những chủ đề: | |
| Truy cập trực tuyến: | http://earchive.tpu.ru/handle/11683/69646 |
| Định dạng: | Điện tử Chương của sách |
| KOHA link: | https://koha.lib.tpu.ru/cgi-bin/koha/opac-detail.pl?biblionumber=634093 |
MARC
| LEADER | 00000naa2a2200000 4500 | ||
|---|---|---|---|
| 001 | 634093 | ||
| 005 | 20240203150213.0 | ||
| 035 | |a (RuTPU)RU\TPU\conf\35846 | ||
| 035 | |a RU\TPU\conf\35840 | ||
| 090 | |a 634093 | ||
| 100 | |a 20220216d2022 k y0rusy50 ca | ||
| 101 | 0 | |a rus | |
| 102 | |a RU | ||
| 105 | |a y z 101zy | ||
| 135 | |a drgn ---uucaa | ||
| 181 | 0 | |a i | |
| 182 | 0 | |a b | |
| 200 | 1 | |a Управление инновациями предприятий нефтегазовой промышленности |d Innovation management in the oil and gas industry |f Р. М. Фазлаева, И. В. Плотникова, Gohun Wang | |
| 203 | |a Текст |c электронный | ||
| 300 | |a Заглавие с экрана | ||
| 320 | |a [Библиогр.: с. 226 (5 назв.)] | ||
| 330 | |a Аннотация: данная статья посвящена рассмотрению процессу инновационной деятельности, в частности предприятий нефтегазового комплекса. Представлены функции контроля за осуществлением инновационной деятельности. | ||
| 330 | |a Abstract: this article is devoted to the consideration of the process of innovation, in particular, enterprises of the oil and gas complex. The functions of control over the implementation of innovation activities are presented. | ||
| 463 | 0 | |0 (RuTPU)RU\TPU\conf\35827 |t Ресурсосберегающие технологии в контроле, управлении качеством и безопасности |o сборник научных трудов X Международной конференции школьников, студентов, аспирантов, молодых ученых "Ресурсоэффективные системы в управлении и контроле: взгляд в будущее", 9-11 ноября 2021 г., г. Томск |f Национальный исследовательский Томский политехнический университет (ТПУ) |v [С. 223-226] |d 2022 | |
| 510 | 1 | |a Innovation management in the oil and gas industry |z eng | |
| 610 | 1 | |a электронный ресурс | |
| 610 | 1 | |a труды учёных ТПУ | |
| 610 | 1 | |a инновации | |
| 610 | 1 | |a предприятия | |
| 610 | 1 | |a управление | |
| 610 | 1 | |a процессы | |
| 610 | 1 | |a инновационный менеджмент | |
| 610 | 1 | |a нефтегазовая промышленность | |
| 610 | 1 | |a innovation | |
| 610 | 1 | |a enterprise | |
| 610 | 1 | |a management | |
| 610 | 1 | |a process | |
| 610 | 1 | |a innovation management | |
| 700 | 1 | |a Фазлаева |b Р. М. |g Регина Михайловна | |
| 701 | 1 | |a Плотникова |b И. В. |c специалист в области качества |c доцент Томского политехнического университета, кандидат технических наук |f 1965- |g Инна Васильевна |3 (RuTPU)RU\TPU\pers\29656 |9 14169 | |
| 701 | 0 | |a Gohun Wang | |
| 712 | 0 | 2 | |a Национальный исследовательский Томский политехнический университет |b Инженерная школа неразрушающего контроля и безопасности |b Отделение контроля и диагностики |3 (RuTPU)RU\TPU\col\23584 |
| 801 | 2 | |a RU |b 63413507 |c 20220218 |g RCR | |
| 856 | 4 | |u http://earchive.tpu.ru/handle/11683/69646 | |
| 942 | |c BK | ||